Statistics for Most expensive Championship sales

Click here to take the quiz!

General Stats

  • This quiz has been taken 10 times
  • The average score is 9 of 15

Answer Stats

Price (M£)DepartingJoiningYearPlayer% Correct
22HullWest Ham2020Jarrod Bowen
100%
20BrentfordBrighton2019Neal Maupay
100%
33BrentfordAston Villa2020Ollie Watkins
100%
15SwanseaMan Utd2019Daniel James
88%
20NorwichLeicester2018James Maddison
88%
18MiddlesbroughWolves2018Adama Traore
63%
20Bristol CityBrighton2019Adam Webster
63%
17SwanseaSheffield Utd2019Oli McBurnie
63%
15Nottingham ForestMiddlesbrough2017Britt Assombalonga
38%
15BirminghamSouthampton2019Che Adams
38%
15LeedsBurnley2017Chris Wood
38%
13Bristol CityBournemouth2019Lloyd Kelly
38%
15MiddlesbroughBurnley2018Ben Gibson
25%
13Nottingham ForestRB Leipzig2016Oliver Burke
13%
14FulhamAston Villa2016Ross McCormack
13%

Score Distribution

Percentile by Number Answered

Percent of People with Each Score

Your Score History

You have not taken this quiz